[Event "Florianopolis op 11th"]
[Site "Florianopolis"]
[Date "2025.01.25"]
[Round "9"]
[White "Mariani, Kim Paul"]
[Black "Coutinho, Lucas Buss Soares"]
[Result "1-0"]
[WhiteElo "1742"]
[BlackElo "1618"]
[PlyCount "45"]
[EventDate "2025.01.18"]
[EventType "swiss"]
[EventRounds "10"]
[EventCountry "BRA"]
[SourceTitle "CB05_2025"]
[SourceDate "2025.01.29"]
[SourceVersion "1"]
[SourceVersionDate "2025.01.29"]
[SourceQuality "1"]

1. d4 Nf6 2. c4 d5 3. Nc3 g6 4. Nf3 Bg7 5. Bg5 c6 6. e3 0-0 7. Bd3 Re8 8. Rc1 Nbd7 9. cxd5 cxd5 10. Nb5 Qa5+ 11. Nd2 Rf8 12. Nc7 Rb8 13. a3 e5 14. 0-0 Ne8 15. Nb3 Qa4 16. Bb5 f6 17. Bxa4 Nxc7 18. Rxc7 b5 19. Na5 bxa4 20. Nc6 Ra8 21. Ne7+ Kh8 22. Nxc8 Raxc8 23. Rxd7 1-0

[Event "Florianopolis op 11th"]
[Site "Florianopolis"]
[Date "2025.01.23"]
[Round "7"]
[White "Gomes, Maria Eduarda Papin"]
[Black "Coutinho, Lucas Buss Soares"]
[Result "1/2-1/2"]
[WhiteElo "1830"]
[BlackElo "1618"]
[PlyCount "126"]
[EventDate "2025.01.18"]
[EventType "swiss"]
[EventRounds "10"]
[EventCountry "BRA"]
[SourceTitle "CB05_2025"]
[SourceDate "2025.01.29"]
[SourceVersion "1"]
[SourceVersionDate "2025.01.29"]
[SourceQuality "1"]

1. d4 Nf6 2. c4 d5 3. Nc3 g6 4. Nf3 Bg7 5. Bg5 c6 6. e3 0-0 7. cxd5 cxd5 8. Be2 Nc6 9. 0-0 Bf5 10. Qb3 Qd7 11. Bb5 a6 12. Ne5 Qd6 13. Bxc6 bxc6 14. Qa4 Rfc8 15. b4 Ng4 16. Nxg4 Bxg4 17. Bf4 e5 18. dxe5 Bxe5 19. Bxe5 Qxe5 20. Rac1 c5 21. h3 cxb4 22. Qxb4 Be6 23. Qa5 Qg5 24. Ne4 Qe5 25. Rxc8+ Rxc8 26. Nc5 Qd6 27. Nb3 Bd7 28. Rd1 Be6 29. e4 Rd8 30. e5 Qb8 31. Nd4 Rd7 32. Nxe6 fxe6 33. Qxa6 Kf7 34. Qe2 Ra7 35. Qf3+ Kg8 36. Qf6 Qe8 37. Rb1 Rf7 38. Qh4 Qa8 39. a4 Qa7 40. Rc1 Qb8 41. Qd4 Qa7 42. Qxa7 Rxa7 43. Ra1 Kf7 44. f4 g5 45. g3 Kg6 46. a5 gxf4 47. gxf4 Kf5 48. Ra4 d4 49. Kf2 Kxf4 50. Rxd4+ Kxe5 51. Ra4 Kd5 52. a6 Kc5 53. Ke3 Kb5 54. Ra1 Rxa6 55. Rxa6 Kxa6 56. Ke4 Kb7 57. Ke5 Kc7 58. Kxe6 Kd8 59. Kf7 Kd7 60. h4 h5 61. Kg6 Ke8 62. Kxh5 Kf8 63. Kg6 Kg8 1/2-1/2

[Event "Florianopolis op 11th"]
[Site "Florianopolis"]
[Date "2025.01.18"]
[Round "1"]
[White "Bauza, Alejandro"]
[Black "Coutinho, Lucas Buss Soares"]
[Result "1-0"]
[WhiteElo "2116"]
[BlackElo "1618"]
[PlyCount "39"]
[EventDate "2025.01.18"]
[EventType "swiss"]
[EventRounds "10"]
[EventCountry "BRA"]
[SourceTitle "CB05_2025"]
[SourceDate "2025.01.29"]
[SourceVersion "1"]
[SourceVersionDate "2025.01.29"]
[SourceQuality "1"]

1. Nf3 Nf6 2. g3 g6 3. b3 Bg7 4. Bb2 0-0 5. Bg2 c5 6. c4 e6 7. 0-0 d5 8. cxd5 exd5 9. d4 Ne4 10. Nc3 Nc6 11. e3 Be6 12. Rc1 cxd4 13. Nxd4 Nxc3 14. Bxc3 Ne5 15. f4 Nd7 16. e4 Nb6 17. f5 Bc8 18. Qd2 Re8 19. Qf2 Bf6 20. fxg6 1-0

[Event "Pan American-ch U1700"]
[Site "Balneario Camboriu"]
[Date "2024.09.27"]
[Round "5"]
[White "Kruger, Nathalia"]
[Black "Coutinho, Lucas Buss Soares"]
[Result "0-1"]
[WhiteElo "1590"]
[BlackElo "1570"]
[PlyCount "172"]
[EventDate "2024.09.24"]
[EventType "swiss"]
[EventRounds "9"]
[EventCountry "BRA"]
[SourceTitle "EXT 2025"]
[Source "ChessBase"]
[SourceDate "2024.10.14"]
[SourceVersion "1"]
[SourceVersionDate "2024.10.14"]
[SourceQuality "1"]

1. d4 Nf6 2. c4 g6 3. Nf3 d5 4. cxd5 Nxd5 5. e4 Nb6 6. Be2 Bg7 7. 0-0 0-0 8. Nc3 N8d7 9. Re1 c5 10. d5 Qc7 11. Qc2 Ne5 12. b3 c4 13. Bb2 Bg4 14. Nxe5 Bxe2 15. Nxe2 Bxe5 16. Bxe5 Qxe5 17. bxc4 Rac8 18. c5 Nd7 19. c6 bxc6 20. dxc6 Nb8 21. Ng3 Rxc6 22. Qa4 Qc7 23. h3 Rc8 24. Rad1 Rc2 25. Re2 Kg7 26. Rb1 Rxe2 27. Nxe2 Nc6 28. Rc1 Qb7 29. Qc4 a6 30. Qd5 Nd8 31. Qxb7 Rxc1+ 32. Nxc1 Nxb7 33. Nb3 Kf6 34. f3 Ke5 35. Kf2 g5 36. Ke3 f5 37. exf5 Kxf5 38. g3 h6 39. a3 h5 40. Nd4+ Ke5 41. f4+ gxf4+ 42. gxf4+ Kd5 43. h4 Nd6 44. Kd3 e5 45. fxe5 Kxe5 46. Nf3+ Kf4 47. Ke2 Nb5 48. a4 Nc3+ 49. Kf2 Nxa4 50. Nd4 Kg4 51. Nf3 Nc5 52. Kg2 a5 53. Ne5+ Kxh4 54. Nf3+ Kg4 55. Ne5+ Kf5 56. Nc4 a4 57. Kh3 Kg5 58. Kg3 h4+ 59. Kh3 Kh5 60. Kh2 Kg5 61. Kh3 Ne6 62. Kh2 Nf4 63. Na3 h3 64. Nc4 Kf6 65. Kg3 Ke7 66. Kh2 Kd8 67. Kg3 Kc7 68. Kh2 Kb7 69. Kg3 Ka6 70. Kh2 Kb5 71. Na3+ Kb4 72. Nc2+ Kc3 73. Na3 Kd3 74. Kg3 Ke2 75. Kh2 Kf2 76. Nc4 Kf3 77. Na3 Ne2 78. Nc4 Kg4 79. Ne3+ Kh4 80. Nc4 Nd4 81. Na3 Nf3+ 82. Kh1 Kg3 83. Nc4 h2 84. Na3 Ne1 85. Nc4 Nd3 86. Na3 Nf2# 0-1

[Event "Pan American-ch U1700"]
[Site "Balneario Camboriu"]
[Date "2024.09.26"]
[Round "4"]
[White "Coutinho, Lucas Buss Soares"]
[Black "Jurado, Laura Alves"]
[Result "1-0"]
[WhiteElo "1570"]
[BlackElo "1612"]
[PlyCount "59"]
[EventDate "2024.09.24"]
[EventType "swiss"]
[EventRounds "9"]
[EventCountry "BRA"]
[SourceTitle "EXT 2025"]
[Source "ChessBase"]
[SourceDate "2024.10.14"]
[SourceVersion "1"]
[SourceVersionDate "2024.10.14"]
[SourceQuality "1"]

1. e4 c6 2. d4 d5 3. exd5 cxd5 4. Bd3 Nc6 5. c3 Nf6 6. h3 g6 7. Bg5 Bg7 8. Nf3 a6 9. Qd2 Bf5 10. Bxf5 gxf5 11. Qc1 Rc8 12. 0-0 Ne4 13. Re1 Nxd4 14. Nbd2 Qb6 15. Nxe4 dxe4 16. Nxd4 Bxd4 17. Qf4 Qg6 18. cxd4 Rg8 19. Rac1 Rd8 20. h4 f6 21. Rc7 fxg5 22. Qe5 Rg7 23. hxg5 Qxg5 24. g3 h5 25. Kg2 h4 26. Rh1 Qg4 27. Rxh4 Qf3+ 28. Kg1 Qd1+ 29. Kh2 Rg8 30. Qxe7# 1-0

[Event "Blumenau U2400 op"]
[Site "Blumenau"]
[Date "2024.09.01"]
[Round "6"]
[White "Coutinho, Lucas Buss Soares"]
[Black "Ferraz, Sebastian Liam"]
[Result "1-0"]
[WhiteElo "1570"]
[BlackElo "1835"]
[PlyCount "111"]
[EventDate "2024.08.30"]
[EventType "swiss"]
[EventRounds "6"]
[EventCountry "BRA"]
[SourceTitle "EXT 2025"]
[Source "ChessBase"]
[SourceDate "2024.10.14"]
[SourceVersion "1"]
[SourceVersionDate "2024.10.14"]
[SourceQuality "1"]

1. e4 c5 2. Nf3 e6 3. d4 cxd4 4. Nxd4 Nf6 5. Bd3 Bb4+ 6. c3 Bc5 7. Bg5 Bxd4 8. cxd4 h6 9. Bh4 0-0 10. e5 Qa5+ 11. Nc3 Nd5 12. Rc1 Nb4 13. Bb1 b6 14. a3 Nd5 15. Qc2 f5 16. exf6 Nxf6 17. Bxf6 Rxf6 18. Qh7+ Kf7 19. 0-0 Bb7 20. Ne4 Qd5 21. Rc7 Bc6 22. Rxc6 Nxc6 23. Nxf6 Kxf6 24. Qg6+ Ke7 25. Qxg7+ Kd6 26. Qxh6 Rg8 27. Qf4+ Ke7 28. Be4 Qxd4 29. Qh4+ Ke8 30. Qh5+ Ke7 31. Bxc6 dxc6 32. Rd1 Qg7 33. Qh4+ Qg5 34. Qxg5+ Rxg5 35. h4 Rb5 36. Rd2 Kf6 37. g4 Re5 38. Kg2 Re4 39. Kg3 b5 40. Rc2 Rc4 41. Rxc4 bxc4 42. Kf4 e5+ 43. Ke4 a5 44. g5+ Kg6 45. Kxe5 c3 46. bxc3 a4 47. f4 c5 48. f5+ Kg7 49. Ke6 c4 50. Ke7 Kh8 51. f6 Kh7 52. f7 Kg7 53. f8Q+ Kh7 54. Qf5+ Kg8 55. g6 Kh8 56. Qf8# 1-0